00741nam a22002057a 450000500170000001000150001702000260003203500130005803700130007108200110008424500900009526000320018527000670021730000200028450000400030470000230034494200250036799900170039295201260040920140808124707.0 aENG-110260 a9789381302750c795.00 aEN-93792 bDBAD/PUB a327.54 aIndian foreign policy : bchallenges & opportunities /cedited by Shiv Bahadur Singh  aNew DelhibAxis Booksc2014 a4378/4B, Basement, Ansari Road, Daryaganj bNew Delhie110002 a261p.c22cm(Hb) aIncludes bibliographical references aShiv Bahadur Singh 2ddccENmINDh327.54 c85234d85234 001040718NFICaDBADbDBADd2014-06-24eENG-110260g795.00l0o327.54 INDpEN-93792r2014-06-24 00:00:00t1v795.00yEN